00646nam a2200145 i 450000100060000000300090000600500170001500700030003200800410003524502880007626000590036430000290042370000260045285200220047861472ES-MaACL20230906164450.0t|031112s1913 fr ||||1| fre d02aL'Exposition de la miniature a Bruxelle en 1912 b: recueil des oeuvres les plus remarquatles des miniaturistes de toutes les ecoles, du XVIe au XIXe siecle / couvrage publie sous la direction du Comité de l'Expsition avec la collaboration de H. Kervyn de Lettenhove ... [et al.]. a[S.l. : bs.n., c1913] (eAmiens : fJ. E. Buschmann) aXVIII, 142 p. ; c36 cm.1 aKervyn de Lettenhove. aES-MaACLjC-10443